Score 0/24 Timer 03:00
2 Plays Today
Actor Answer % Correct
Brad PittButton
95.2%
Matt DamonBourne
93.8%
Matt DamonBought
90%
Brad PittBlack
89.1%
Matt DamonBrothers
88.1%
Morgan FreemanBegins
86.2%
Brad PittBasterds
84.2%
Brad PittBurn
83.1%
Denzel WashingtonBlue
83.1%
Denzel WashingtonBook
81.3%
Johnny DeppBride
80.2%
Denzel WashingtonBrief
77.8%
Actor Answer % Correct
Morgan FreemanBaby
76.6%
Denzel WashingtonBone
71.1%
Morgan FreemanBucket
68%
Robin WilliamsBest
67.7%
Johnny DeppBefore
67.1%
Matt DamonBureau
65.2%
Robin WilliamsBeing
52.2%
Johnny DeppBrasco
50.4%
Morgan FreemanBetty
45%
Robin WilliamsButler
27.6%
Robin WilliamsBicentennial
24.9%
Johnny DeppBarber
14.9%

Today's Daily Dose

Remove Ads.
Support Sporcle.
Get the best of Sporcle when you Go Orange. This ad-free experience offers more features, more stats, and more fun while also helping to support Sporcle. Thank you for becoming a member.

You're not logged in!

Compare scores with friends on all Sporcle quizzes.
OR
Log In

Show Comments

Extras

Top Quizzes Today


Score Distribution

Your Account Isn't Verified!

In order to create a playlist on Sporcle, you need to verify the email address you used during registration. Go to your Sporcle Settings to finish the process.

Report this User

Report this user for behavior that violates our Community Guidelines.

Details: